| 000 | 01454nam a22002297a 4500 | ||
|---|---|---|---|
| 008 | 170429s2007 enk||||| |||| 00| 0 eng d | ||
| 020 | _a9781854377470 | ||
| 082 | 0 | 4 |
_a709.2 _bO396o |
| 100 | 1 |
_aBrett, Guy. _94313 |
|
| 245 | 1 | 0 |
_aOiticica in London / _ceditado por Guy Brett y Luciano Figueiredo. |
| 250 | _a1a ed. | ||
| 260 |
_aLondres : _bTate Publishing, _c2007. |
||
| 300 |
_a96 p. _bil. col. |
||
| 505 | 0 |
_tForeword _rNicholas Serota. _tRecollection _rGuy Brett. _tLondocument _rHélio Oiticica. _tTropicália: Recollection / Recollection / Tropicália, its time and place _rLuciano Figueiredo / Caetano Veloso / Paulo Venancio Filho. _tThe whitechapel experiment: This other Eden: Hélio Oiticica and subterranean London / Recollection / Extracts of unpublished letters to friends and family in brazil, 1969 / Recollection / A preambulation around the Whitechapel experiment / Recollection / On the other bridge, looking down from Olympus / Prose Poems / Recollection _rMichael Asbury / Mark Glazebrook / Hélio Oiticica / Edward Pope / Paul Overy / Stephen Berg / Hélio Oiticica / Jill Drower. _tSignals London : Recollection / Signals Echoes Traces _rDavid Medalla / Isobel Whitelegg. |
|
| 600 | 0 | 4 |
_aOiticica, Hélio _d1937 - 1980. _95635 |
| 653 | 1 | 3 | _aArte contemporáneo |
| 653 | 1 | 3 | _aInstalación |
| 653 | 1 | 3 | _aArte - Brasil |
| 653 | 1 | 3 | _aArtistas plásticos |
| 653 | 1 | 3 | _aArte Latinoamericano |
| 700 | 1 |
_aFigueiredo, Luciano. _eeditor. _95373 |
|
| 999 |
_c1178 _d1178 |
||